000 00736nam a2200229Ia 4500
003 OSt
005 20220926002705.0
006 a|||||r|||| 00| 0
007 ta
008 220923b |||||||| |||| 00| 0 eng d
020 _a9788177083927
_c2180.25
037 _b1786, 23/02/2016, Pranami Book Service
_cGeneral Book
040 _aRTL
_cRTL
_beng
041 _2eng
_aeng
082 _aX64.2, Q4
100 _aBHASIN Niti
_9306327
245 0 _aIndian financial system
_b Evolution and present structure
260 _a New Delhi
_bNew Century Publications
_c2014
300 _axxx, 561p
_ccm.
942 _hX64.2, Q4
_cGB
_2CC
999 _c605862
_d605862